Dios patria y libertad: Una historia del movimiento de liberación nacional -MLM- )1960-2000) /
Kaydedildi:
| Yazar: | |
|---|---|
| Materyal Türü: | Metin |
| Etiketler: |
Etiketle
Etiket eklenmemiş, İlk siz ekleyin!
|
MARC
| LEADER | 00000 a a2200000 04500 | ||
|---|---|---|---|
| 001 | 45472 | ||
| 003 | |||
| 040 | |||
| 090 | |a REV0780 (42)2004 | ||
| 100 | |a Gordillo Castillo, Enrique | ||
| 245 | |a Dios patria y libertad: |b Una historia del movimiento de liberación nacional -MLM- )1960-2000) / |c Enrique Gordillo Castillo | ||
| 773 | |g número42, VI Epoca (2004), páginas 87-102 | ||
| 999 | |c 37110 |d 37110 | ||
